Vietnam the country and its geographical regions

Spremljeno u:
Bibliografski detalji
Glavni autor: Lê Bá Thảo
Format: Knjiga
Jezik:Vietnamese
Izdano: Thế giới 1997
Oznake: Dodaj oznaku
Bez oznaka, Budi prvi tko označuje ovaj zapis!
Thư viện lưu trữ: Mạng thư viện Đại học Đà Nẵng
LEADER 00633nam a2200253 4500
001 000022545
003 18993
005 20150506140516.0
008 150506s1997 viesd
020 |c 182800 
041 0 |a vie 
082 1 4 |a 915,97  |b LÊ-T 
100 1 |a Lê Bá Thảo 
245 1 0 |a Vietnam the country and its geographical regions  |c Lê Bá Thảo 
260 |b Thế giới  |c 1997 
300 |a tr.  |c cm. 
OWN |a LSP 
999 |a From the UDN01 
TYP |a Monograph 
TYP |a Printed language 
980 |a Mạng thư viện Đại học Đà Nẵng